ˆ[‰Поёт] Генрих Шлуснус, баритон (Запись № 13283297)

Подробности
000 -МАРКЕР
контрольное поле 04785njm0a2200433 4500
001 - ИДЕНТИФИКАТОР ЗАПИСИ
контрольное поле RU\NLR\ONIZ\213088
005 - ИДЕНТИФИКАТОР ВЕРСИИ
контрольное поле 20250708192625.0
035 ## - ДРУГИЕ СИСТЕМНЫЕ НОМЕРА
Идентификатор записи (NLR Aleph) 010985881
035 ## - ДРУГИЕ СИСТЕМНЫЕ НОМЕРА
Идентификатор записи RU\NLR\ONIZ\GALA\5000026322\20151118135817
071 00 - ИЗДАТЕЛЬСКИЙ НОМЕР
Номер, присвоенный агентством Д 30927-8
100 ## - ДАННЫЕ ОБЩЕЙ ОБРАБОТКИ
Данные общей обработки 20151118f19001999|||y0rusy50 ca
102 ## - СТРАНА ПУБЛИКАЦИИ ИЛИ ПРОИЗВОДСТВА
Страна публикации российская федерация
126 ## - ПОЛЕ КОДИРОВАННЫХ ДАННЫХ: ЗВУКОЗАПИСИ - ФИЗИЧЕСКИЕ ХАРАКТЕРИСТИКИ
Кодированные данные звукозаписи (общие) abuxdxu ux
Кодированные данные звукозаписи (уточнения) xxx
135 ## - ПОЛЕ КОДИРОВАННЫХ ДАННЫХ: ЭЛЕКТРОННЫЕ РЕСУРСЫ
Кодированные данные для электронного ресурса honoannnanndn
200 1# - ЗАГЛАВИЕ И СВЕДЕНИЯ ОБ ОТВЕТСТВЕННОСТИ
Основное заглавие ˆ[‰Поёт] Генрих Шлуснус, баритон
Общее обозначение материала Звукозапись
210 ## - ПУБЛИКАЦИЯ, РАСПРОСТРАНЕНИЕ И ДР.
Место издания, распространения и т.д. Москва
Имя издателя, распространителя и т. д. Мелодия
Дата издания, распространения и т.д. [19--]
225 1# - СЕРИЯ
Основное заглавие серии Выдающиеся певцы
300 ## - ОБЩИЕ ПРИМЕЧАНИЯ
Текст примечания Архивные записи
327 1# - ПРИМЕЧАНИЯ О СОДЕРЖАНИИ
Текст примечания 1. Дуэт Дон Карлоса и ди Позы : ("Дон Карлос", д.1) / Д. Верди ; исполн.: Г. Шлуснус и Х. Розвенге ;
-- 2. Сцена смерти ди Позы : ("Дон Карлос", 4 д.) / Д. Верди ;
-- 3. Ария Монфора : ("Сицилийская вечерня", д. 3) / Д. Верди ;
-- 4. Ария Дон Карлоса : ("Сила судьбы", 3 д.) / Д. Верди.
-- 5. Монолог Жерара : ("Андре Шенье", 3 д.) / У. Джоржано.
-- 6. Дуэт Рудольфа и Марселя : ("Богема", 4 д.) / Д. Пуччини ; исполн.: К. фон Патаки, тенор
464 #0 - АНАЛИТИЧЕСКИЙ УРОВЕНЬ
Встроенное поле 2001#$aДуэт Дон Карлоса и ди Позы$e("Дон Карлос", д.1)$fД. Верди$gисполн.: Г. Шлуснус и Х. Розвенге
-- 50000$aДон Карлос$iДуэт Дон Карлоса и ди Поза$bЗвукозапись$h1-е д.$lопера$rтенор и баритон
-- 686##$aЩ942.49-071.2(4Ит)$vLBC/SL$2rubbk
-- 701#1$9z03790$aВерди$bД.$gДжузеппе$f1813–1901$3RU\NLR\AUTH\775515$4230
-- 702#1$9z04790$aРозвенге$bХ.$gХельге$f1897-1972$4590$4vte
-- 790#1$9z03701$aVerdi$bG.$gGiuseppe$f1813–1901$4230
-- 790#1$9z04702$aRosvaenge$bH. A.$gHelge Anton$f1897-1972$4590$4vte
Заглавие Дуэт Дон Карлоса и ди Позы
464 #0 - АНАЛИТИЧЕСКИЙ УРОВЕНЬ
Встроенное поле 2001#$aСцена смерти ди Позы$e("Дон Карлос", 4 д.)$fД. Верди
-- 686##$aЩ943.2-071.2(4Ит)$vLBC/SL$2rubbk
-- 701#1$9z01790$aВерди$bД.$gДжузеппе$f1813–1901$3RU\NLR\AUTH\775515$4230
-- 790#1$9z01701$aVerdi$bG.$gGiuseppe$f1813–1901$4230
Заглавие Сцена смерти ди Позы
464 #0 - АНАЛИТИЧЕСКИЙ УРОВЕНЬ
Встроенное поле 2001#$aАрия Монфора$e("Сицилийская вечерня", д. 3)$fД. Верди
-- 701#1$9z01790$aВерди$bД.$gДжузеппе$f1813–1901$3RU\NLR\AUTH\775515$4230
-- 790#1$9z01701$aVerdi$bG.$gGiuseppe$f1813–1901$4230
Заглавие Ария Монфора
464 #0 - АНАЛИТИЧЕСКИЙ УРОВЕНЬ
Встроенное поле 2001#$aАрия Дон Карлоса$e("Сила судьбы", 3 д.)$fД. Верди
-- 50000$aСила судьбы$iАрия Дон Карлоса$bЗвукозапись$hд. 3$lопера$rбаритон
-- 686##$aЩ943.2-071.2(4Ит)$vLBC/SL$2rubbk
-- 701#1$9z01790$aВерди$bД.$gДжузеппе$f1813–1901$3RU\NLR\AUTH\775515$4230
-- 790#1$9z01701$aVerdi$bG.$gGiuseppe$f1813–1901$4230
Заглавие Ария Дон Карлоса
464 #0 - АНАЛИТИЧЕСКИЙ УРОВЕНЬ
Встроенное поле 2001#$aМонолог Жерара$e("Андре Шенье", 3 д.)$fУ. Джоржано
-- 50000$aАндре Шенье$iМонолог Жерара$bЗвукозапись$lопера$rбаритон
-- 686##$aЩ943.2-071.2(4Ит)$vLBC/SL$2rubbk
-- 701#1$9z02790$aДжордано$bУ.$gУмберто$f1867-1948$4230
-- 790#1$9z02701$aGiordano$bU.$gUmberto$f1867-1948$4230
Заглавие Монолог Жерара
464 #0 - АНАЛИТИЧЕСКИЙ УРОВЕНЬ
Встроенное поле 2001#$aДуэт Рудольфа и Марселя$e("Богема", 4 д.)$fД. Пуччини$gисполн.: К. фон Патаки, тенор
-- 50000$aБогема$iДуэт Рудольфа и Марселя$bЗвукозапись$h4 д.$lопера$rтенор и баритон
-- 686##$aЩ942.49-071.2(4Ит)$vLBC/SL$2rubbk
-- 701#1$9z01790$aПуччини$bДж.$gДжакомо$f1858-1924$4230
-- 702#1$9z02790$aПатаки$bК. фон$gКоломан фон$f1896-1964$4590$4vte
-- 790#1$9z01701$aPuccini$bG.$gGiacomo$f1858-1924$4230
-- 790#1$9z02702$aPataky$bK.$gKalaman$f1896-1964$4590$4vte
Заглавие Дуэт Рудольфа и Марселя
606 1# - НАИМЕНОВАНИЕ ТЕМЫ КАК ПРЕДМЕТ
Наименование темы Исполнительское искусство зарубежное Вокалисты
Тематический подзаголовок Звукозапись
Географический подзаголовок Германия
Хронологический подзаголовок 20 в.
Код системы nlr_sh
686 ## - ИНДЕКСЫ ДРУГИХ КЛАССИФИКАЦИЙ
Индекс Щ943.2, 8(3)
Издание LBC/SL
Код системы
700 #1 - ИМЯ ЛИЦА - ПЕРВИЧНАЯ ОТВЕТСТВЕННОСТЬ
Системный номер авторитетной/нормативной записи z01790
Начальный элемент ввода Шлуснус
Часть имени, кроме начального элемента ввода Г.
Даты 1888-1952
Расширение инициалов личного имени Генрих
Код отношения Исполнитель
--
790 #1 - ИМЯ ЛИЦА - АЛЬТЕРНАТИВНАЯ ФОРМА
Системный номер авторитетной/нормативной записи z01700
Начальный элемент ввода Schlusnus
Часть имени, кроме начального элемента ввода H.
Даты 1888-1952
Расширение инициалов личного имени Heinrich
Код отношения Исполнитель
--
801 #0 - ИСТОЧНИК ЗАПИСИ
Страна российская федерация
Организация NLR
Дата составления 20151118
Правила каталогизации PSBO
801 #1 - ИСТОЧНИК ЗАПИСИ
Страна российская федерация
Организация NLR
Дата составления 20151118
Источник данных rusmarc
801 #2 - ИСТОЧНИК ЗАПИСИ
Страна российская федерация
Организация NLR
Дата составления 20190620
852 ## - МЕСТОНАХОЖДЕНИЕ И ШИФР ХРАНЕНИЯ
Идентификатор организации NLR
Наименование фонда или коллекции (Sub-Location Identifier) Мг
Шифр хранения (Call Number) 2/2646
Страна
Номер экземпляра 1
942 ## - ДОПОЛНИТЕЛЬНЫЕ ЭЛЕМЕНТЫ ЗАПИСИ (АБИС)
Тип экземпляра АБИС Звукозапись
980 ## - КОЛЛЕКЦИЯ
Название коллекции Национальная библиография
980 ## - КОЛЛЕКЦИЯ
Название коллекции Отдел нот и звукозаписей
Экземпляры
Тип экземпляра Дата поступления Библиотека постоянного хранения Библиотека текущего хранения Место хранения Шифр хранения Статус не для выдачи
Звукозапись 18.11.2015 РНБ (Московский) РНБ (Московский) Фонд нот и звукозаписей 2/2646 2/2646